เปลี่ยนเป็นภาษาไทย

Change to English
 แสดงรายละเอียดบรรณานุกรม
  กลับหน้าหลัก

Brief Record : Get Marc (ISO 2709) : E-mail record : QR code < ปิดหน้าต่าง
mysqli: Table './ulib62015/stat_globaluid' is marked as crashed and should be repaired
select id from stat_globaluid where statuid='20260517103044_3689' 
mysqli: Table './ulib62015/stat_globaluid' is marked as crashed and should be repaired
DELETE FROM stat_globaluid
			WHERE id NOT IN (
			  SELECT id
			  FROM (
				SELECT id
				FROM stat_globaluid
				ORDER BY id DESC
				LIMIT 100
			  ) foo
			); 
mysqli: Table './ulib62015/stat_globaluid' is marked as crashed and should be repaired
insert into stat_globaluid set
		statuid='20260517103044_3689',
		dt='1778988644',
		phpself='/ULIB62015/dublinfull.php',
		agent='Mozilla/5.0 AppleWebKit/537.36 (KHTML, like Gecko; compatible; ClaudeBot/1.0; +claudebot@anthropic.com)',
		yea='2026',
		mon='5',
		dat='17',
		ip='216.73.216.45'
		
		
mysqli: Table './ulib62015/stathist_viewbib_bib_type' is marked as crashed and should be repaired
insert into stathist_viewbib_bib_type set 
		dat='17' ,
		 mon='05' ,
		  yea='2026' ,
			 statuid='20260517103044_3689' ,
			 head='13399120084' ,
			 foot='marc' ,
			 dt='1778988644' 
		
LEADER : 00000nam 2200000uu 4500
008    121024s||||||||th 000 0 tha d
020    ^a9786115190072
050  4 ^aBQ4570.T56^bส231 2553/22 ล.2
100 0  ^aสม สุจีรา
245 10 ^aเดอะท็อปซีเคร็ต.^n2,^pความลับสู่ความสำเร็จ =^bThe top secret II /^cสม สุจีรา
246 15 ^aเดอะท็อปซีเคร็ต.^n2,^pตอนความลับสู่ความสำเร็จ
250    ^aพิมพ์ครั้งที่ 22
260    ^aกรุงเทพฯ :^bอมรินทร์ธรรมะ,^c2553
300    ^a296, [3] หน้า :^bภาพประกอบ
440  0 ^aชุดจิตวิทยาธรรมะ ;^vลำดับที่ 2
650  7 ^aความคิดและการคิด^xแง่ศาสนา^xพุทธศาสนา
650  7 ^aจิตวิทยาประยุกต์
650  7 ^aความสำเร็จ
945    ^p235^l0^i018116
999     ^aยมมะณา จันทร์ฉิม
รายการนี้ยังไม่มีแท็ก
คุณยังไม่ได้ล็อกอิน คุณสามารถมีกิจกรรมร่วมกับเว็บไซต์ได้ แต่ต้องล็อกอินก่อน ::
  ล็อกอิน
  One Stop Service : ศูนย์ให้บริการแบบเบ็ดเสร็จ   จัดการหนังสือโปรด   แจ้งรายการบรรณานุกรมผิดพลาด
ลำดับที่ ประเภท เลขเรียก/บาร์โค้ด สถานที่ สถานะ
1. หนังสือ
หนังสือ
BQ4570.T56 ส231 2553/22 ล.2  
  Barcode: 018116
หนังสือทั่วไป บนชั้น
  ขอยืม

รายการใกล้เคียง
    ผู้แต่ง [สม สุจีรา]

    หัวเรื่อง [จิตวิทยาประยุกต์]
    หัวเรื่อง [ความสำเร็จ]

BibComment


ยังไม่เคยถูกคอมเมนท์

คอมเมนท์ทรัพยากรรายการนี้
  คอมเมนท์: เดอะท็อปซีเคร็ต ..
Bib 13399120084

 
 
 

 Union Library Management : ULibM
Copyright 2026. All Rights Reserved.